000 00724 a2200205 4500
010 _aENG-89390
020 _a9788123749341
_c100.00
035 _aEN-72923
037 _bDBAD / PUB
082 1 4 _a181.4
090 _c10840
_d10840
100 _aGordon, Robert C.
245 1 _aEmerson and the light of India:
_cby Robert C. Gordon
_ban intellectual history/
260 _aNew Delhi
_bNational Book Trust, India
_c2007
270 _aA-5, Green Park
_bNew Delhi
_cDelhi
_e110016
300 _axx,,255p
_c21 cm ( Pbk.)
500 _aIncludes bibliographical references and index
942 _adpl
_cEN
_k181.4/ GOR
999 _c10540
_d10540